[Event "39th Olympiad Women"]
[Site "Khanty-Mansiysk RUS"]
[Date "2010.09.27"]
[Round "6"]
[White "Ranasinghe, S.D."]
[Black "Otgonjargal, Sengeravdan"]
[Result "0-1"]
[BlackTitle "WFM"]
[WhiteElo "1822"]
[BlackElo "2143"]
[Board "26.4"]
[WhiteTeam "SRI"]
[BlackTeam "MGL"]
[WhiteFideId "9902651"]
[BlackFideId "4900790"]
[EventDate "2010.09.21"]
[EventType "team"]

1. d4 Nf6 2. g3 d6 3. Bg2 c6 4. Nf3 Nbd7 5. O-O e5 6. dxe5 dxe5 7. c4 Be7 8. b3
O-O 9. Bb2 Qc7 10. Qc2 Re8 11. Nbd2 Bf8 12. Ne1 h6 13. e4 a5 14. Nd3 Nc5 15. Ne1
Bg4 16. f3 Be6 17. Kh1 Rad8 18. a3 Rxd2 19. Qxd2 Nxb3 20. Qc2 Nxa1 21. Bxa1 Nd7
22. Nd3 Qd6 23. Bb2 f6 24. Rd1 Qe7 25. Bf1 Qf7 26. Ne1 Kh8 27. Ng2 Nb6 28. Qc3
Nxc4 29. Bxc4 Bxc4 30. Nh4 b5 31. Qxa5 g5 32. Ng2 Be2 33. Rc1 Bxf3 34. Rxc6 Bxe4
35. Rc7 Qd5 36. Qa7 Bxg2+ 37. Kg1 Be4 38. Rc1 Qd2 39. Qf2 Qxf2+ 40. Kxf2 Rd8 41.
Ke3 Bd3 42. Rc6 Bg7 43. Bc3 f5 44. Rc7 Bc4 45. Kf2 Rd3 46. Bb4 e4 47. Rc8+ Kh7
48. Rc7 Kg6 0-1

[Event "39th Olympiad Women"]
[Site "Khanty-Mansiysk RUS"]
[Date "2010.09.27"]
[Round "6"]
[White "Tjolsen, Katrine"]
[Black "Dimitrijevic, Aleksandra"]
[Result "1/2-1/2"]
[WhiteTitle "WIM"]
[BlackTitle "WFM"]
[WhiteElo "2259"]
[BlackElo "2242"]
[Board "27.1"]
[WhiteTeam "NOR"]
[BlackTeam "BIH"]
[WhiteFideId "1505793"]
[BlackFideId "929239"]
[EventDate "2010.09.21"]
[EventType "team"]

1. d4 d5 2. c4 c6 3. Nf3 Nf6 4. Nc3 e6 5. Bg5 h6 6. Bxf6 Qxf6 7. e3 Nd7 8. Qc2
a6 9. Rd1 Bb4 10. Bd3 O-O 11. O-O b5 12. b3 Bb7 13. Nb1 Rac8 14. c5 Ba5 15. e4
e5 16. exd5 cxd5 17. Bf5 e4 18. Bxd7 exf3 19. Bh3 Qh4 20. Qf5 fxg2 21. Bxg2 Rc6
22. Rd3 Rf6 23. Qh3 Qf4 24. Qg3 Qf5 25. Rf3 Qe6 26. Re3 Qf5 27. Qe5 Qd7 28. Nc3
Re6 29. Qf5 g6 30. Qf3 Rxe3 31. Qxe3 Re8 32. Qf3 Bxc3 33. Qxc3 Bc6 34. Re1 Rxe1+
35. Qxe1 Qg4 36. Qd2 Kg7 37. h3 Qf5 38. b4 h5 39. Qe1 Qf4 40. Qe3 Qxe3 41. fxe3
f5 42. h4 1/2-1/2

[Event "39th Olympiad Women"]
[Site "Khanty-Mansiysk RUS"]
[Date "2010.09.27"]
[Round "6"]
[White "Dengler, Dijana"]
[Black "Bjerke, Silje"]
[Result "0-1"]
[WhiteTitle "WFM"]
[BlackTitle "WIM"]
[WhiteElo "2088"]
[BlackElo "2205"]
[Board "27.2"]
[WhiteTeam "BIH"]
[BlackTeam "NOR"]
[WhiteFideId "14400081"]
[BlackFideId "1502786"]
[EventDate "2010.09.21"]
[EventType "team"]

1. d4 Nf6 2. Nf3 g6 3. Bg5 Bg7 4. e3 d5 5. Bd3 O-O 6. Nbd2 c5 7. c3 Nfd7 8. O-O
Nc6 9. Re1 Qb6 10. Qc1 e5 11. dxe5 Ndxe5 12. Nxe5 Nxe5 13. Bc2 Be6 14. a4 Rac8
15. a5 Qb5 16. Qb1 Nc6 17. Ba4 Qa6 18. Ra3 b5 19. axb6 Qxb6 20. Qa1 d4 21. cxd4
cxd4 22. Bxc6 Rxc6 23. exd4 Bxd4 24. Be3 Bxe3 25. Raxe3 Rc2 26. Ne4 Bd5 27. Nc3
Bb7 28. R1e2 Rxe2 29. Rxe2 Rd8 30. Qe1 Qc6 31. f3 Qb6+ 32. Kh1 Bc6 33. h3 Qb3
34. Qh4 Qb8 35. Qe1 a5 36. Re5 Qxb2 37. Rxa5 Re8 38. Qa1 Qf2 39. Ra2 Re1+ 0-1

[Event "39th Olympiad Women"]
[Site "Khanty-Mansiysk RUS"]
[Date "2010.09.27"]
[Round "6"]
[White "Sahl, Sheila Barth"]
[Black "Dedijer, Sanja"]
[Result "1/2-1/2"]
[WhiteTitle "WIM"]
[WhiteElo "2175"]
[BlackElo "2055"]
[Board "27.3"]
[WhiteTeam "NOR"]
[BlackTeam "BIH"]
[WhiteFideId "1500953"]
[BlackFideId "14401878"]
[EventDate "2010.09.21"]
[EventType "team"]

1. e4 e5 2. Nf3 Nc6 3. Bb5 a6 4. Ba4 Nf6 5. Qe2 Be7 6. c3 b5 7. Bb3 d6 8. O-O
Bg4 9. Rd1 O-O 10. d4 exd4 11. cxd4 d5 12. e5 Ne4 13. h3 Bh5 14. Nc3 Nxc3 15.
bxc3 Qd7 16. Bc2 Na5 17. g4 Bg6 18. Bxg6 hxg6 19. Ne1 Nc4 20. Nd3 a5 21. Re1 Ra6
22. Rb1 g5 23. f4 gxf4 24. Bxf4 g5 25. Bg3 Re6 26. Rf1 c6 27. Rf3 Qa7 28. Qf2 b4
29. cxb4 axb4 30. Nxb4 Na3 31. Rbb3 Nb5 32. Nxc6 Rxc6 33. Rxb5 Qa4 34. Qe2 Rc2
35. Qd3 Qxa2 36. Bf2 Rd2 37. Qb3 Qa1+ 38. Kg2 Qxd4 39. Qe3 Qxe3 40. Rxe3 Rc8 41.
Rb7 Bc5 42. Rf3 Rxf2+ 43. Rxf2 Bxf2 44. Kxf2 Re8 45. Ke3 Rxe5+ 46. Kd4 Re1 47.
Kxd5 Kg7 48. Rb3 1/2-1/2

[Event "39th Olympiad Women"]
[Site "Khanty-Mansiysk RUS"]
[Date "2010.09.27"]
[Round "6"]
[White "Dedijer, Mira"]
[Black "Reppen, Ellisiv"]
[Result "0-1"]
[WhiteElo "1973"]
[BlackElo "1954"]
[Board "27.4"]
[WhiteTeam "BIH"]
[BlackTeam "NOR"]
[WhiteFideId "14401622"]
[BlackFideId "1504959"]
[EventDate "2010.09.21"]
[EventType "team"]

1. e4 e5 2. Nf3 Nc6 3. Bb5 a6 4. Ba4 Nf6 5. O-O Be7 6. Re1 b5 7. Bb3 d6 8. c3
O-O 9. h3 Na5 10. Bc2 c5 11. d4 Qc7 12. Nbd2 Bb7 13. Nf1 cxd4 14. cxd4 Rac8 15.
Bd3 Nc6 16. d5 Nb4 17. Ne3 Nxd3 18. Qxd3 Nd7 19. Nf5 Bd8 20. Nh2 Nc5 21. Qg3 f6
22. Bh6 Rf7 23. Bd2 Kh8 24. Rac1 Qd7 25. b3 Nxe4 26. Rxe4 Rxc1+ 27. Bxc1 Qxf5
28. Qd3 Bb6 29. Nf3 Rc7 30. Ba3 Qd7 31. Rh4 h6 32. g4 Qf7 33. Bxd6 Rc1+ 34. Kh2
Qxd5 35. Qg6 Rh1+ 36. Kg3 Qxf3# 0-1

[Event "39th Olympiad Women"]
[Site "Khanty-Mansiysk RUS"]
[Date "2010.09.27"]
[Round "6"]
[White "Petrenko, Svetlana"]
[Black "Tay, Li Jin Jeslin"]
[Result "1/2-1/2"]
[WhiteTitle "IM"]
[BlackTitle "WFM"]
[WhiteElo "2263"]
[BlackElo "2119"]
[Board "28.1"]
[WhiteTeam "MDA"]
[BlackTeam "SIN"]
[WhiteFideId "13900196"]
[BlackFideId "5800927"]
[EventDate "2010.09.21"]
[EventType "team"]

1. e4 c5 2. Nf3 d6 3. d4 cxd4 4. Nxd4 Nf6 5. Nc3 a6 6. Be2 e5 7. Nf3 h6 8. a4
Be6 9. h3 Nc6 10. Be3 Be7 11. O-O O-O 12. Re1 Rc8 13. Bf1 Qa5 14. Bd2 Qc7 15.
Na2 d5 16. exd5 Bxd5 17. c4 Bxf3 18. Qxf3 Nd4 19. Qg3 Nc2 20. Bxh6 Ne8 21. Nc3
Nxa1 22. Nd5 Qd6 23. Rxa1 Bf6 24. Bd2 Qe6 25. Be2 Bd8 26. Bc3 Nd6 27. Nf4 Nf5
28. Nxe6 Nxg3 29. Bg4 Ne2+ 30. Kf1 Nxc3 31. Nxf8 Rxc4 32. Ne6 Be7 33. bxc3 Rxc3
34. Rb1 fxe6 35. Bxe6+ Kh7 36. Rxb7 Bc5 37. Rc7 Bd4 38. Rxc3 Bxc3 39. Ke2 a5 40.
Kd3 Be1 41. Ke2 Bb4 42. Bf7 g5 43. Kf3 Bc5 44. g3 Kh6 45. Be8 Bb6 46. Bc6 Bc5
47. Bd7 1/2-1/2

[Event "39th Olympiad Women"]
[Site "Khanty-Mansiysk RUS"]
[Date "2010.09.27"]
[Round "6"]
[White "Ho, En Huei Danielle"]
[Black "Ursu, Ana-Maria W"]
[Result "1/2-1/2"]
[WhiteTitle "WFM"]
[WhiteElo "1914"]
[BlackElo "1905"]
[Board "28.4"]
[WhiteTeam "SIN"]
[BlackTeam "MDA"]
[WhiteFideId "5802423"]
[BlackFideId "13904213"]
[EventDate "2010.09.21"]
[EventType "team"]

1. d4 d5 2. c4 dxc4 3. Nc3 a6 4. a4 e5 5. e3 Nc6 6. Nf3 Bd6 7. Bxc4 Nf6 8. O-O
O-O 9. d5 Ne7 10. h3 Ng6 11. e4 h6 12. Be3 Nh7 13. g4 Qf6 14. Kh2 Ng5 15. Nxg5
hxg5 16. f3 Nf4 17. Ne2 Qh6 18. Nxf4 gxf4 19. Bf2 g6 20. Rg1 Kg7 21. Qc2 Bd7 22.
Qb3 Rh8 23. Bf1 Qg5 24. Rc1 b6 25. Rc3 Rh7 26. Rh1 Rah8 27. Qc2 a5 28. b3 Qd8
29. Rg1 Qg5 30. Rh1 Qd8 31. Rg1 Rh6 32. Bg2 R8h7 33. Rh1 Qh8 34. Kg1 Qd8 35. Bf1
Qb8 36. Qd3 Rh8 37. Kg2 R6h7 38. Be2 Rh6 39. Rcc1 R6h7 40. Qc4 Qa7 41. Qc2 Qb8
42. Bb5 1/2-1/2

[Event "39th Olympiad Women"]
[Site "Khanty-Mansiysk RUS"]
[Date "2010.09.27"]
[Round "6"]
[White "Leite, Catarina"]
[Black "Smith, Olivia"]
[Result "1-0"]
[WhiteTitle "WIM"]
[BlackTitle "WFM"]
[WhiteElo "2183"]
[BlackElo "2002"]
[Board "30.1"]
[WhiteTeam "POR"]
[BlackTeam "WLS"]
[WhiteFideId "1901222"]
[BlackFideId "411850"]
[EventDate "2010.09.21"]
[EventType "team"]

1. e4 e5 2. Nf3 Nf6 3. Nc3 Bb4 4. Nxe5 O-O 5. Be2 Re8 6. Nd3 Bxc3 7. dxc3 Nxe4
8. O-O d6 9. f3 Nf6 10. Bg5 Nbd7 11. Qd2 c6 12. Rfe1 Nf8 13. Nf2 d5 14. c4 Be6
15. cxd5 Bxd5 16. c4 Be6 17. Qc3 N8d7 18. Rad1 Qc7 19. Bd3 Nh5 20. Bb1 Nf8 21.
Rd4 f6 22. Bc1 f5 23. Nh3 Bd7 24. Red1 Nf6 25. Bf4 Qc8 26. Bg5 Ne6 27. Bxf6 Nxd4
28. Bxd4 Re7 29. Nf4 Qe8 30. Bc5 Re5 31. Nh5 Qxh5 32. Qxe5 Re8 33. Qd6 f4 34.
Bd4 Bh3 35. Qxf4 Rf8 36. Qg3 1-0

[Event "39th Olympiad Women"]
[Site "Khanty-Mansiysk RUS"]
[Date "2010.09.27"]
[Round "6"]
[White "Blackburn, Suzie G."]
[Black "Coimbra, Margarida"]
[Result "1/2-1/2"]
[WhiteTitle "WFM"]
[BlackTitle "WFM"]
[WhiteElo "1939"]
[BlackElo "2090"]
[Board "30.2"]
[WhiteTeam "WLS"]
[BlackTeam "POR"]
[WhiteFideId "414930"]
[BlackFideId "1901192"]
[EventDate "2010.09.21"]
[EventType "team"]

1. d4 d5 2. Nf3 Nf6 3. Bg5 Ne4 4. Bf4 c5 5. e3 Qb6 6. Qc1 Nc6 7. c3 Bf5 8. Nbd2
e6 9. Be2 Be7 10. O-O O-O 11. Ne5 Nxe5 12. Bxe5 f6 13. Bf4 Rac8 14. f3 Nd6 15.
Kh1 Bg6 16. Re1 Nf7 17. Bg3 e5 18. Bd1 Bd6 19. Nb3 c4 20. dxe5 Nxe5 21. Bxe5
fxe5 22. Nd2 Bc5 23. e4 Be3 24. Nxc4 Bxc1 25. Nxb6 Bxb2 26. Nxc8 Bxa1 27. Ne7+
Kh8 28. Nxd5 Rc8 29. Bb3 Bb2 30. c4 Bf7 31. Rd1 Bd4 32. Ne7 Rc5 33. Nd5 Rc8 34.
f4 Bxd5 35. exd5 b6 36. d6 Rd8 37. fxe5 Bxe5 38. d7 Bf6 39. Re1 g6 40. Re6 Kg7
41. Ba4 Rf8 42. g3 Bd8 43. Kg2 1/2-1/2

[Event "39th Olympiad Women"]
[Site "Khanty-Mansiysk RUS"]
[Date "2010.09.27"]
[Round "6"]
[White "Ferreira, Ana Margarida"]
[Black "Wilson, Julie"]
[Result "1-0"]
[WhiteElo "1816"]
[BlackElo "1893"]
[Board "30.3"]
[WhiteTeam "POR"]
[BlackTeam "WLS"]
[WhiteFideId "1907000"]
[BlackFideId "1800876"]
[EventDate "2010.09.21"]
[EventType "team"]

1. e4 e6 2. d4 d5 3. Nc3 Nf6 4. Bg5 dxe4 5. Nxe4 Nbd7 6. Nf3 Be7 7. Nxf6+ Nxf6
8. Bd3 O-O 9. O-O b6 10. Bxf6 Bxf6 11. Be4 Rb8 12. Ne5 Bb7 13. Bxb7 Rxb7 14. Qf3
Qc8 15. Nd7 Bxd4 16. Nxf8 Kxf8 17. c3 Bf6 18. Rad1 c5 19. Rfe1 Rd7 20. Rxd7 Qxd7
21. Rd1 Qc8 22. Qd3 g6 23. Qd7 Qb8 24. Qc6 Bd8 25. Rd7 h5 26. Qf3 Be7 27. Qb7
Qxb7 28. Rxb7 c4 29. Rxa7 Bc5 30. Ra4 Ke7 31. Rxc4 f6 32. b4 Bd6 33. Rc6 b5 34.
Rb6 Be5 35. Rxb5 Bxc3 36. a4 Kd7 37. Kf1 Be5 38. Rxe5 fxe5 39. Ke2 1-0

[Event "39th Olympiad Women"]
[Site "Khanty-Mansiysk RUS"]
[Date "2010.09.27"]
[Round "6"]
[White "Mazariego-K., Carolina"]
[Black "Vargas, Gabriela"]
[Result "1/2-1/2"]
[WhiteTitle "WIM"]
[BlackTitle "WFM"]
[WhiteElo "2086"]
[BlackElo "2085"]
[Board "31.1"]
[WhiteTeam "GUA"]
[BlackTeam "PAR"]
[WhiteFideId "7300115"]
[BlackFideId "3700860"]
[EventDate "2010.09.21"]
[EventType "team"]

1. e4 e6 2. d3 d5 3. Nd2 Nf6 4. Ngf3 Bc5 5. Be2 dxe4 6. Nxe4 Nxe4 7. dxe4 Qxd1+
8. Bxd1 Nc6 9. c3 a5 10. Ba4 Bd7 11. O-O O-O 12. Bf4 Bb6 13. Bc2 f6 14. Rad1 Bc8
15. e5 g5 16. Bg3 g4 17. Nd2 f5 18. Bf4 Bc5 19. Nb3 Bb6 20. a4 Kf7 21. Rd2 Rd8
22. Re2 Bd7 23. Nd2 Ne7 24. Bb3 Bc6 25. Be3 Ng6 26. Bg5 h5 27. Rfe1 Rh8 28. Kf1
h4 29. Nc4 f4 30. Nxb6 cxb6 31. Rd2 Rh5 32. Bf6 g3 33. h3 gxf2 34. Kxf2 f3 35.
gxf3 Rf5 36. Bd1 Nf4 37. Rh1 Rg8 38. Rh2 Rg3 39. Bxh4 Rxh3 40. Rxh3 Nxh3+ 41.
Kg3 Ng5 42. Bxg5 1/2-1/2

[Event "39th Olympiad Women"]
[Site "Khanty-Mansiysk RUS"]
[Date "2010.09.27"]
[Round "6"]
[White "Perez, Dalila"]
[Black "Mencos, Claudia"]
[Result "1/2-1/2"]
[WhiteElo "1684"]
[BlackElo "1912"]
[Board "31.2"]
[WhiteTeam "PAR"]
[BlackTeam "GUA"]
[WhiteFideId "3702014"]
[BlackFideId "7300573"]
[EventDate "2010.09.21"]
[EventType "team"]

1. d4 d5 2. c4 c6 3. Nc3 dxc4 4. a4 Nf6 5. Bf4 Bf5 6. e3 e6 7. Bxc4 Nbd7 8. Nf3
Nd5 9. Bg3 Bb4 10. Rc1 Qa5 11. Qb3 N7b6 12. Bxd5 exd5 13. Ra1 Bd3 14. Bc7 f6 15.
Nd2 Kd7 16. Bxb6 axb6 17. f3 b5 18. Kf2 Bxc3 19. axb5 Qxb5 20. Qxc3 Rhe8 21.
Rhc1 Bg6 22. Nb3 b6 23. Nd2 Kc7 24. e4 Kb7 25. Rxa8 Rxa8 26. exd5 Qxd5 27. Qb4
Re8 28. Nb3 Qb5 29. Qxb5 cxb5 30. Re1 Ra8 31. g4 Ra2 32. Re2 Kc6 33. Rd2 Kd5 34.
Nc1 Ra4 35. Ne2 b4 36. h4 Bf7 37. Nf4+ Kd6 38. Ke3 Ra1 39. Nd3 b3 40. Kf4 Ra4
41. Nf2 Kd5 42. Ke3 Ra1 43. Nd3 Kd6 44. Kf4 Ra4 1/2-1/2

[Event "39th Olympiad Women"]
[Site "Khanty-Mansiysk RUS"]
[Date "2010.09.27"]
[Round "6"]
[White "Milovic, Aleksandra"]
[Black "Stojkovska, Monika"]
[Result "1/2-1/2"]
[WhiteTitle "WFM"]
[WhiteElo "2182"]
[BlackElo "1928"]
[Board "32.2"]
[WhiteTeam "MNE"]
[BlackTeam "MKD"]
[WhiteFideId "933988"]
[BlackFideId "15002594"]
[EventDate "2010.09.21"]
[EventType "team"]

1. e4 c5 2. Nf3 d6 3. d4 cxd4 4. Nxd4 Nf6 5. Nc3 Nc6 6. Bg5 e6 7. Qd2 a6 8.
O-O-O h6 9. Be3 Be7 10. Be2 Nxd4 11. Bxd4 e5 12. Be3 Be6 13. f4 Rc8 14. f5 Bd7
15. g4 Qa5 16. Kb1 Rxc3 17. Qxc3 Qxc3 18. bxc3 Nxe4 19. Kb2 Bg5 20. Bb6 Bd8 21.
Bxd8 Kxd8 22. Rhe1 Ke7 23. Bf3 Nf6 24. c4 Rc8 25. Kb3 Bc6 26. Bxc6 Rxc6 27. h3
Nd7 28. a4 Nc5+ 29. Kb4 Rb6+ 30. Ka3 a5 31. Rb1 Rxb1 32. Rxb1 e4 33. Rd1 Kf6 34.
Rxd6+ Kg5 35. Rd5 b6 36. f6+ Kxf6 37. Kb2 Nxa4+ 38. Kc1 Ke6 39. Rb5 Kd6 40. Kd2
f6 41. c5+ Nxc5 42. Rxb6+ Kd5 43. Rb5 a4 44. Rb4 a3 45. Rb8 Kc4 46. Ra8 Kb4 47.
Rb8+ Kc4 48. Ra8 Kb4 49. Rb8+ Kc4 1/2-1/2

[Event "39th Olympiad Women"]
[Site "Khanty-Mansiysk RUS"]
[Date "2010.09.27"]
[Round "6"]
[White "Bejatovic, Bojana"]
[Black "Stojanovic, Marija R"]
[Result "0-1"]
[BlackTitle "WFM"]
[WhiteElo "1891"]
[BlackElo "2112"]
[Board "32.3"]
[WhiteTeam "MKD"]
[BlackTeam "MNE"]
[WhiteFideId "15000141"]
[BlackFideId "931411"]
[EventDate "2010.09.21"]
[EventType "team"]

1. e4 c5 2. Nf3 d6 3. d4 cxd4 4. Qxd4 Nc6 5. Bb5 Bd7 6. Bxc6 Bxc6 7. Nc3 Nf6 8.
Bg5 e6 9. O-O-O Be7 10. Qd3 Qa5 11. Kb1 O-O 12. h4 Rfd8 13. Nd4 Rac8 14. f4 h6
15. g4 Qb4 16. Rdg1 Be8 17. Nde2 Qc4 18. Qf3 b5 19. Bxf6 Bxf6 20. g5 Bxc3 21.
Nxc3 h5 22. Rh2 b4 23. Nd1 g6 24. f5 exf5 25. exf5 Bc6 26. Qf2 Bd5 27. b3 Qa6
28. fxg6 fxg6 29. Qf6 Bf7 30. Ne3 Re8 31. Rf2 Qb7 32. Nf5 gxf5 33. Rxf5 Re6 34.
Qd4 Bg6 35. Rf6 Bxc2+ 36. Ka1 Qe4 37. Qxe4 Rxe4 38. Rxd6 Rxh4 39. Rh6 Be4 40.
Re1 Rc2 41. Re6 Re2 42. Rd1 Rhh2 43. Rd8+ Kf7 44. Rf6+ Ke7 0-1

[Event "39th Olympiad Women"]
[Site "Khanty-Mansiysk RUS"]
[Date "2010.09.27"]
[Round "6"]
[White "Blagojevic, Lidija"]
[Black "Nikolovska, Dragana"]
[Result "1-0"]
[WhiteTitle "WFM"]
[WhiteElo "2013"]
[BlackElo "1752"]
[Board "32.4"]
[WhiteTeam "MNE"]
[BlackTeam "MKD"]
[WhiteFideId "916773"]
[BlackFideId "15000133"]
[EventDate "2010.09.21"]
[EventType "team"]

1. e4 c5 2. Nc3 Nc6 3. f4 e6 4. Nf3 d5 5. d3 Nge7 6. g3 g6 7. Bg2 Bg7 8. O-O O-O
9. h3 a6 10. Kh2 b5 11. Qe1 Nd4 12. Nxd4 Bxd4 13. Ne2 Bg7 14. g4 Qc7 15. Ng3 Bb7
16. c3 dxe4 17. dxe4 Rad8 18. Be3 Rd3 19. Rd1 Rfd8 20. Rxd3 Rxd3 21. Qf2 c4 22.
Bf3 Bc6 23. Be2 Rd7 24. h4 Qb7 25. e5 Nd5 26. Bd4 Bh6 27. g5 Bg7 28. Ne4 Bf8 29.
Bc5 Be7 30. Nd6 Qa8 31. h5 Nc7 32. h6 Ne8 33. Rd1 Nxd6 34. exd6 Bf8 35. Kg3 Bd5
36. Qd4 Bh1 37. Rg1 Bd5 38. Qe5 f5 39. Bd4 Bg7 40. hxg7 Rf7 41. Rf1 1-0

[Event "39th Olympiad Women"]
[Site "Khanty-Mansiysk RUS"]
[Date "2010.09.27"]
[Round "6"]
[White "Sanchez Castillo, Sarai"]
[Black "Pham, Le Thao Nguyen"]
[Result "0-1"]
[WhiteTitle "IM"]
[BlackTitle "WIM"]
[WhiteElo "2278"]
[BlackElo "2304"]
[Board "34.1"]
[WhiteTeam "VEN"]
[BlackTeam "VIE"]
[WhiteFideId "3900754"]
[BlackFideId "12401226"]
[EventDate "2010.09.21"]
[EventType "team"]

1. e4 Nf6 2. Nc3 d5 3. exd5 Nxd5 4. Bc4 Nb6 5. Bb3 Nc6 6. Qf3 e6 7. Nge2 Be7 8.
Qg3 O-O 9. d4 Bh4 10. Qf4 Bf6 11. O-O Nxd4 12. Nxd4 Qxd4 13. Qxc7 Qe5 14. Qxe5
Bxe5 15. Re1 Bxc3 16. bxc3 Bd7 17. a4 Rfc8 18. a5 Nc4 19. Re4 Bb5 20. Bf4 Rc6
21. f3 Rac8 22. Bxc4 Bxc4 23. Rd4 Bd5 24. Bd2 a6 25. Kf2 Rc5 26. Rb4 f6 27. Ke1
Kf7 28. Kd1 h5 29. Kc1 Rg8 30. Kb2 g5 31. Be3 Rcc8 32. Rd1 g4 33. fxg4 Rxg4 34.
g3 Rgc4 35. Bd4 Kg6 36. Rd2 R8c7 37. Bb6 Rh7 38. Rxc4 Bxc4 39. Rd4 Bd5 40. c4
Bc6 41. h4 Rg7 42. Rf4 e5 43. Rf1 Kf7 44. Bf2 Ke6 45. Kc3 Rg4 46. Re1 Kf5 47.
Re3 Re4 48. Rf3+ Ke6 49. Rd3 Re2 50. Rd2 Re4 51. Rd3 Rg4 52. Rd1 Kf5 53. Rd3 Rg6
54. Kd2 Rg7 55. Ke2 Rg4 56. Rc3 Re4+ 57. Be3 Kg4 58. Kf2 f5 59. Bg5 f4 60. gxf4
exf4 61. Bf6 Ba4 62. Rd3 Rxc4 63. c3 Bc6 64. Rd8 Ra4 65. Rg8+ Kh3 66. Rg5 Ra2+
67. Ke1 f3 68. Bd4 Kxh4 69. Rg7 Rxa5 70. Kf2 Ra2+ 71. Kf1 Kh3 72. Rg5 h4 0-1

[Event "39th Olympiad Women"]
[Site "Khanty-Mansiysk RUS"]
[Date "2010.09.27"]
[Round "6"]
[White "Nguyen, Thi Mai Hung"]
[Black "Moreno Garcia, Elizabeth Paola"]
[Result "1-0"]
[WhiteTitle "WIM"]
[BlackTitle "WIM"]
[WhiteElo "2258"]
[BlackElo "2024"]
[Board "34.2"]
[WhiteTeam "VIE"]
[BlackTeam "VEN"]
[WhiteFideId "12401676"]
[BlackFideId "3901556"]
[EventDate "2010.09.21"]
[EventType "team"]

1. d4 d5 2. Bf4 e6 3. e3 Nf6 4. Nf3 Nbd7 5. c4 Ne4 6. Nc3 Ndf6 7. Qc2 Be7 8.
Nxe4 Nxe4 9. cxd5 Qxd5 10. Bxc7 Bb4+ 11. Kd1 Bd7 12. Bd3 f5 13. Bg3 Rc8 14. Qb3
Qa5 15. Ke2 Nc3+ 16. Kf1 Nd5 17. a3 O-O 18. Ne5 Bb5 19. Kg1 Bxd3 20. Nxd3 Rc6
21. Nxb4 1-0

[Event "39th Olympiad Women"]
[Site "Khanty-Mansiysk RUS"]
[Date "2010.09.27"]
[Round "6"]
[White "Hoang, Thi Nhu Y"]
[Black "Ubaldo Suarez, Maria Gisela"]
[Result "0-1"]
[WhiteTitle "WIM"]
[BlackTitle "WIM"]
[WhiteElo "2214"]
[BlackElo "2054"]
[Board "34.4"]
[WhiteTeam "VIE"]
[BlackTeam "VEN"]
[WhiteFideId "12401455"]
[BlackFideId "3900630"]
[EventDate "2010.09.21"]
[EventType "team"]

1. d4 d5 2. Nf3 Nf6 3. e3 e6 4. c4 Be7 5. Bd3 Nbd7 6. O-O O-O 7. Nbd2 c5 8. b3
cxd4 9. exd4 b6 10. Qe2 Bb7 11. Rd1 Rc8 12. Bb2 Re8 13. Rac1 Bd6 14. cxd5 exd5
15. Qf1 Rxc1 16. Rxc1 Ne4 17. g3 Re6 18. Ba6 Qb8 19. Rc2 h5 20. Bb5 Ndf6 21. Qc1
Nxd2 22. Qxd2 Ne4 23. Qc1 Qd8 24. Kg2 Qf6 25. Ne5 h4 26. Bd7 h3+ 27. Kxh3 Ng5+
28. Kg4 Rxe5 29. dxe5 Qf3+ 30. Kh4 Be7 31. Ba3 Bd8 32. Rc8 Bxc8 33. Qxc8 Ne6+
34. Be7 g6 35. Qxd8+ Nxd8 36. Bg4 Qe4 37. Bxd8 Qxe5 38. f4 Qh8+ 0-1

[Event "39th Olympiad Women"]
[Site "Khanty-Mansiysk RUS"]
[Date "2010.09.27"]
[Round "6"]
[White "Saleh, Nora Mohd"]
[Black "Houska, Jovanka"]
[Result "0-1"]
[WhiteTitle "WIM"]
[BlackTitle "IM"]
[WhiteElo "1906"]
[BlackElo "2426"]
[Board "35.1"]
[WhiteTeam "UAE"]
[BlackTeam "ENG"]
[WhiteFideId "9301607"]
[BlackFideId "405094"]
[EventDate "2010.09.21"]
[EventType "team"]

1. d4 d5 2. Nf3 Nf6 3. c4 c6 4. Nc3 a6 5. cxd5 cxd5 6. Bg5 Ne4 7. Bh4 Nc6 8. e3
Qa5 9. Qb3 e6 10. Bd3 f5 11. O-O Bd6 12. Rfd1 Rb8 13. Rac1 Bd7 14. a3 O-O 15.
Qc2 Rbc8 16. Nd2 Na7 17. Ndb1 Nb5 18. b4 Qc7 19. Nxb5 Bxh2+ 20. Kh1 Bxb5 21. Qb2
Qf7 22. Bxb5 axb5 23. Kxh2 Qh5 24. Kg1 Qxh4 25. Nc3 Nxc3 26. Rxc3 Rc4 27. Rxc4
bxc4 28. f3 b5 29. Qf2 Qe7 30. Rc1 e5 31. Qd2 Ra8 32. Rc3 Qf6 33. g3 e4 34. f4
Qg6 35. Kg2 Qh5 36. Qe1 Qf3+ 37. Kg1 Ra6 38. Qf2 Qd1+ 39. Qf1 Qd2 0-1

[Event "39th Olympiad Women"]
[Site "Khanty-Mansiysk RUS"]
[Date "2010.09.27"]
[Round "6"]
[White "Al-Harmoudi, Mona"]
[Black "Grigoryan, Meri"]
[Result "0-1"]
[WhiteTitle "WIM"]
[BlackTitle "WFM"]
[WhiteElo "1821"]
[BlackElo "2099"]
[Board "35.3"]
[WhiteTeam "UAE"]
[BlackTeam "ENG"]
[WhiteFideId "9301631"]
[BlackFideId "13300571"]
[EventDate "2010.09.21"]
[EventType "team"]

1. d4 d5 2. Nf3 Nf6 3. Bf4 c5 4. e3 Nc6 5. c3 Qb6 6. Qc1 Bf5 7. h3 e6 8. Nbd2
Be7 9. Be2 Rc8 10. O-O h6 11. Ne5 cxd4 12. Nxc6 dxe3 13. Nxe7 exd2 14. Qxd2 Kxe7
15. Be3 Qc7 16. Rfe1 Rhd8 17. Qd4 a6 18. Bf4 Qc5 19. Qe5 g5 20. Be3 Qd6 21. Qd4
e5 22. Qa4 Ne4 23. Rad1 b5 24. Qa5 Rc6 25. Bd3 Kf6 26. f3 Ng3 27. Kf2 Bxd3 28.
Rxd3 Nf5 29. Bc1 Rdc8 30. g4 Nh4 31. Be3 e4 32. Bd4+ Kg6 33. fxe4 Qh2+ 34. Kf1
Qg2# 0-1

[Event "39th Olympiad Women"]
[Site "Khanty-Mansiysk RUS"]
[Date "2010.09.27"]
[Round "6"]
[White "Hegarty, Sarah N"]
[Black "Nouman, Amna"]
[Result "1-0"]
[WhiteTitle "WFM"]
[BlackTitle "WFM"]
[WhiteElo "2084"]
[BlackElo "1752"]
[Board "35.4"]
[WhiteTeam "ENG"]
[BlackTeam "UAE"]
[WhiteFideId "2501465"]
[BlackFideId "9301500"]
[EventDate "2010.09.21"]
[EventType "team"]

1. e4 e5 2. Bc4 Nf6 3. d3 Nc6 4. Nf3 Bc5 5. O-O d6 6. c3 Bb6 7. Bb3 O-O 8. Nbd2
Be6 9. Bc2 d5 10. exd5 Nxd5 11. Nc4 f6 12. Nxb6 axb6 13. d4 exd4 14. Qd3 f5 15.
Ng5 Bc8 16. Bb3 h6 17. Qf3 Ne7 18. Re1 Rf6 19. Rxe7 Qxe7 20. Qxd5+ Be6 21. Nxe6
Kh8 22. Bd2 Re8 23. Re1 c5 24. h3 1-0